00628nam a2200217Ia 4500003000400000005001700004008004100021020002400062040000700086041000800093082001300101100002700114245002100141260003400162300000900196650002000205700002500225942001300250999001900263952012800282OSt20250823094856.0250729s1900 xx 000 0 und d a ‎ 978-8188836475 cAL aeng a613 PRAH aPrasad Krishna9221970 aHealth education aNew DelhibSonali Publication a234p aScience9221971 aVenkata Rama9221972 2ddccBED c235247d235247 00104070aALbALd2025-07-29eSita Book Houseg135.00l0o613 PRAHpBED00566r2025-07-29 16:53:51v135.00w2025-07-29yBK